Estatísticas para Qual desses países é maior? #2

Clique aqui para jogar o quiz

Estatísticas Gerais

  • Esse quiz foi jogado 204 vezes
  • A pontuação média é 6 de 10

Estatísticas das Respostas

QuestãoResposta% Correto
Qual é maior?Luxemburgo
82%
Qual é maior?Cazaquistāo
71%
Qual é maior?Paquistão
70%
Qual é maior?Belarus
66%
Qual é maior?Chade
62%
Qual é maior?Angola
59%
Qual é maior?Butão
58%
Qual é maior?Tanzania
55%
Qual é maior?São Tome e Prince
53%
Qual é maior?Suécia
45%

Distribuição das Pontuações

Percentil de Números Respondidos

Porcentagem de Pessoas com Cada Pontuação

Sua Pontuação Histórica

Você não jogou esse quiz